| 000 | 01076nam0a2200301 4500 | ||
|---|---|---|---|
| 001 | RU\NLR\bibl\1141880 | ||
| 005 | 20250615073939.0 | ||
| 010 |
_a978-5-17-041936-4 _bАСТ |
||
| 010 |
_a978-5-9713-5370-6 _bАСТ Москва |
||
| 010 |
_a978-5-9762-2411-7 _93000 _bХранитель |
||
| 021 |
_aRU _b2007-62196 _93323 |
||
| 035 | _a(NLR Aleph) 001128736 | ||
| 090 |
_a1344303 _c1344303 |
||
| 100 | _a20071017d2007 |||y0rusy50 ca | ||
| 101 | 1 |
_arus _ceng |
|
| 102 | _aRU | ||
| 105 | _ay ||||||||| | ||
| 200 | 1 |
_aДвигатели бога _aОбреченная _e[фантастические романы] _fДжек Макдевит _g[пер. с англ. Н. Хаустовой, О. Колесникова] |
|
| 210 |
_aМосква _cАСТ [и др.] _d2007 |
||
| 215 |
_a955, [1] с. _d21 |
||
| 225 | 1 | _aScience fiction | |
| 700 | 1 |
_4070 _7ca _8rus _aМакдевит _bД. _f1935- _gДжек _9197418 _3RU\NLR\AUTH\770197469 |
|
| 801 | 0 |
_aRU _bNLR _c20071017 _gRCR |
|
| 801 | 1 |
_aRU _bNLR _c20071017 |
|
| 942 | _cBOOK | ||
| 980 | _aNB | ||